Vacuum-tube circuits and transistors / (Record no. 13622)
[ view plain ]
| 000 -LEADER | |
|---|---|
| fixed length control field | 00757nam a2200253 4500 |
| 001 - CONTROL NUMBER | |
| control field | 13622 |
| 003 - CONTROL NUMBER IDENTIFIER | |
| rucl marc code | BD-RjUL |
| 005 - DATE AND TIME OF LATEST TRANSACTION | |
| control field | 20211208235501.0 |
| 008 - FIXED-LENGTH DATA ELEMENTS--GENERAL INFORMATION | |
| fixed length control field | 140201r19631956xx 001 0 eng u |
| 029 1# - (OCLC) | |
| OCLC library identifier | UKM |
| System control number | b5617372 |
| 035 ## - SYSTEM CONTROL NUMBER | |
| System control number | (OCoLC)ocm00563643 |
| System control number | (BD-RjUL)13674 |
| 040 ## - CATALOGING SOURCE | |
| Transcribing agency | WSU |
| Modifying agency | UKM |
| -- | BD-RjUL |
| Original cataloging agency | BD-RjUL |
| Language of cataloging | eng |
| 041 ## - LANGUAGE CODE | |
| Language code of text/sound track or separate title | eng |
| 082 04 - DEWEY DECIMAL CLASSIFICATION NUMBER | |
| Classification number | 621.384132 |
| Edition number | 23 |
| Author mark and year | ARV 1964 |
| 100 1# - MAIN ENTRY--PERSONAL NAME | |
| Personal name | Arguimbau, Lawrence Baker. |
| 9 (RLIN) | 39751 |
| 245 10 - TITLE STATEMENT | |
| Title | Vacuum-tube circuits and transistors / |
| Statement of responsibility, etc. | Lawrence Baker Arguimbau. |
| 260 ## - PUBLICATION, DISTRIBUTION, ETC. (IMPRINT) | |
| Place of publication, distribution, etc. | New York : |
| Name of publisher, distributor, etc. | Wiley, |
| Date of publication, distribution, etc. | c1956 [Reprint 1963-1964]. |
| 300 ## - PHYSICAL DESCRIPTION | |
| Pagination | ix, 646 p. ; |
| Illustrations | ill. ; |
| Size | 24 cm. |
| 504 ## - BIBLIOGRAPHY, ETC. NOTE | |
| Bibliography, etc | Includes Index. |
| 650 #0 - SUBJECT ADDED ENTRY--TOPICAL TERM | |
| Topical term or geographic name as entry element | Vacuum-tube circuits. |
| 9 (RLIN) | 27897 |
| Topical term or geographic name as entry element | Transistors. |
| 9 (RLIN) | 42626 |
| 942 ## - ADDED ENTRY ELEMENTS (KOHA) | |
| Source of classification or shelving scheme | Dewey Decimal Classification |
| Koha item type | Books |
| Lost status | Source of classification or shelving scheme | Damaged status | Not for loan | Collection code | Permanent Location | Current Location | Shelving location | Date acquired | Source of acquisition | Cost, normal purchase price | Total Checkouts | Full call number | Date last seen | Copy number | Koha item type |
|---|---|---|---|---|---|---|---|---|---|---|---|---|---|---|---|
| Dewey Decimal Classification | Non-fiction | Central Library, University of Rajshahi | Central Library, University of Rajshahi | 12/10/1973 | USA | 0.00 | 621.384132 ARV 1963 | 01/02/2014 | C-9 | Books | |||||
| Dewey Decimal Classification | Non-fiction | Central Library, University of Rajshahi | Central Library, University of Rajshahi | 27/09/1967 | Pak American com | 52.50 | 621.384132 ARV 1964 | 19/11/2016 | C-2 | Books | |||||
| Dewey Decimal Classification | Not For Loan | Non-fiction | Central Library, University of Rajshahi | Central Library, University of Rajshahi | Reading Room | 12/10/1973 | U.S. Govt. | 621.384132 ARV 1964 | 29/05/2017 | C-1 | Books | ||||
| Dewey Decimal Classification | Non-fiction | Central Library, University of Rajshahi | Central Library, University of Rajshahi | 12/10/1973 | U.S. Govt. | 621.384132 ARV 1964 | 29/05/2017 | C-3 | Books | ||||||
| Dewey Decimal Classification | Non-fiction | Central Library, University of Rajshahi | Central Library, University of Rajshahi | 25/04/1968 | U.S. Govt. | 97.00 | 621.384132 ARV 1964 | 30/05/2017 | C-4 | Books | |||||
| Dewey Decimal Classification | Non-fiction | Central Library, University of Rajshahi | Central Library, University of Rajshahi | 25/04/1968 | Zeitlinger | 97.00 | 621.384132 ARV 1964 | 30/05/2017 | C-5 | Books | |||||
| Dewey Decimal Classification | Non-fiction | Central Library, University of Rajshahi | Central Library, University of Rajshahi | 25/04/1968 | Zeitlinger | 97.00 | 621.384132 ARV 1964 | 30/05/2017 | C-6 | Books | |||||
| Dewey Decimal Classification | Non-fiction | Central Library, University of Rajshahi | Central Library, University of Rajshahi | 24/04/1968 | Zeitlinger | 97.00 | 621.384132 ARV 1964 | 30/05/2017 | C-7 | Books | |||||
| Dewey Decimal Classification | Non-fiction | Central Library, University of Rajshahi | Central Library, University of Rajshahi | 27/09/1967 | Pak. American | 52.50 | 621.384132 ARV 1964 | 30/05/2017 | C-8 | Books | |||||
| Dewey Decimal Classification | Non-fiction | Central Library, University of Rajshahi | Central Library, University of Rajshahi | 12/10/1973 | U.S. Govt. | 621.384132 ARV 1964 | 01/06/2017 | C-10 | Books |